[Event "RUS-ch Blitz"]
[Site "Sochi"]
[Date "2023.10.14"]
[Round "2"]
[White "Avanesian, Artem"]
[Black "Drygalov, Sergey"]
[Result "1/2-1/2"]
[WhiteElo "1600"]
[BlackElo "2547"]
[PlyCount "65"]
[EventDate "2023.10.14"]
[EventType "swiss (blitz)"]
[EventRounds "13"]
[EventCountry "RUS"]
[SourceTitle "Mega2024 Update 01"]
[Source "Chessbase"]
[SourceDate "2023.11.12"]
[SourceVersion "1"]
[SourceVersionDate "2023.11.12"]
[SourceQuality "1"]

1. e4 c5 2. g3 Nc6 3. Bg2 g6 4. Ne2 Bg7 5. c3 e5 6. d3 Nge7 7. Be3 d6 8. 0-0 0-0 9. d4 exd4 10. cxd4 cxd4 11. Nxd4 d5 12. Nc3 dxe4 13. Nxc6 Nxc6 14. Nxe4 Qc7 15. Qd6 Qxd6 16. Nxd6 Rb8 17. Nxc8 Rbxc8 18. Rac1 Rfd8 19. b3 Bd4 20. Bxd4 Rxd4 21. Bxc6 bxc6 22. Rc2 Kf8 23. Rfc1 Rd6 24. b4 Rb8 25. Rxc6 Rxc6 26. Rxc6 Rxb4 27. Ra6 Rb7 28. Kg2 Kg7 29. h4 h5 30. Kf3 Re7 31. Kf4 Rd7 32. f3 Rb7 33. g4 1/2-1/2

[Event "RUS-ch Blitz"]
[Site "Sochi"]
[Date "2023.10.14"]
[Round "11"]
[White "Smirnov, Pavel"]
[Black "Avanesian, Artem"]
[Result "1-0"]
[WhiteElo "2538"]
[BlackElo "1600"]
[PlyCount "78"]
[EventDate "2023.10.14"]
[EventType "swiss (blitz)"]
[EventRounds "13"]
[EventCountry "RUS"]
[SourceTitle "Mega2024 Update 01"]
[Source "Chessbase"]
[SourceDate "2023.11.12"]
[SourceVersion "1"]
[SourceVersionDate "2023.11.12"]
[SourceQuality "1"]

1. d4 Nf6 2. c4 e6 3. g3 Bb4+ 4. Bd2 Qe7 5. Bg2 Bxd2+ 6. Qxd2 d6 7. Nc3 Nbd7 8. Nf3 0-0 9. 0-0 e5 10. e4 c6 11. Rad1 Nb6 12. b3 Bg4 13. h3 Bxf3 14. Bxf3 exd4 15. Qxd4 Rad8 16. Bg2 Rfe8 17. Rfe1 Qe5 18. Kh2 h5 19. f4 Qc5 20. Qxc5 dxc5 21. e5 Nfd7 22. Ne4 f6 23. Nd6 Re7 24. Nxb7 Rb8 25. Na5 Rc8 26. Nxc6 Re6 27. Nxa7 Rce8 28. Nb5 R6e7 29. Nc7 Rc8 30. Nd5 Nxd5 31. Rxd5 fxe5 32. fxe5 Rce8 33. e6 Nf6 34. Rxc5 Rxe6 35. Rxe6 Rxe6 36. a4 Re3 37. Rb5 h4 38. gxh4 Re2 39. a5 Ra2 1-0

[Event "Novorossiysk Small Land Blitz op"]
[Site "Novorossiysk"]
[Date "2023.07.29"]
[Round "11"]
[White "Avanesian, Artem"]
[Black "Makarian, Rudik"]
[Result "0-1"]
[WhiteElo "1600"]
[BlackElo "2541"]
[PlyCount "144"]
[EventDate "2023.07.29"]
[EventType "swiss (blitz)"]
[EventRounds "13"]
[EventCountry "RUS"]
[SourceTitle "CBM 215 Extra"]
[Source "ChessBase"]
[SourceDate "2023.09.30"]
[SourceVersion "1"]
[SourceVersionDate "2023.09.30"]
[SourceQuality "1"]

1. e4 c5 2. g3 Nc6 3. Bg2 g6 4. Ne2 Bg7 5. c3 d6 6. d4 cxd4 7. cxd4 Nf6 8. Nbc3 0-0 9. 0-0 a6 10. a3 Bd7 11. h3 Rc8 12. Be3 Na5 13. b3 Nc6 14. f4 Ne8 15. Rc1 b5 16. e5 b4 17. axb4 Nxb4 18. Qd2 a5 19. Ne4 Be6 20. Rxc8 Qxc8 21. Ra1 Bxh3 22. Qc3 Qxc3 23. N4xc3 Bxg2 24. Kxg2 Nc2 25. Rxa5 Nxe3+ 26. Kf3 Nc2 27. Nd5 e6 28. Ne7+ Kh8 29. Ke4 dxe5 30. dxe5 Nc7 31. Rc5 Nd5 32. Nxd5 exd5+ 33. Kxd5 Rd8+ 34. Ke4 Nb4 35. Rc7 Kg8 36. Nd4 f5+ 37. exf6 Bxf6 38. Nf3 Rd3 39. g4 Re3+ 40. Kxe3 Nd5+ 41. Ke4 Nxc7 42. f5 Kf7 43. b4 gxf5+ 44. Kxf5 Be7 45. Ke4 Bxb4 46. Ng5+ Kg6 47. Nxh7 Kxh7 48. Kf5 Kg7 49. g5 Be7 50. Kg4 Kg6 51. Kh3 Nd5 52. Kh2 Bd6+ 53. Kh1 Kxg5 54. Kg2 Kf4 55. Kh1 Kf3 56. Kg1 Ne3 57. Kh1 Ng4 58. Kg1 Nf2 59. Kf1 Bh2 60. Ke1 Ne4 61. Kd1 Ke3 62. Ke1 Nd2 63. Kd1 Kd3 64. Ke1 Bg3+ 65. Kd1 Bf2 66. Kc1 Nc4 67. Kd1 Nb2+ 68. Kc1 Kc3 69. Kb1 Kb3 70. Kc1 Be3+ 71. Kb1 Nc4 72. Ka1 Bd2 0-1

[Event "Novorossiysk Small Land Rapid op"]
[Site "Novorossiysk"]
[Date "2023.07.28"]
[Round "11"]
[White "Avanesian, Artem"]
[Black "Volkov, Maksim"]
[Result "0-1"]
[WhiteElo "1600"]
[BlackElo "2235"]
[PlyCount "64"]
[EventDate "2023.07.26"]
[EventType "swiss (rapid)"]
[EventRounds "11"]
[EventCountry "RUS"]
[SourceTitle "CBM 215 Extra"]
[Source "ChessBase"]
[SourceDate "2023.09.30"]
[SourceVersion "1"]
[SourceVersionDate "2023.09.30"]
[SourceQuality "1"]

1. e4 e6 2. d3 d5 3. Be2 Nf6 4. e5 Nfd7 5. f4 c5 6. Nf3 Nc6 7. c4 Be7 8. 0-0 0-0 9. Nbd2 b6 10. b3 Bb7 11. Bb2 d4 12. Ne4 h6 13. Qe1 f5 14. exf6 Nxf6 15. Nxf6+ Rxf6 16. Qg3 Bd6 17. Ne5 Qc7 18. Bg4 Raf8 19. Rae1 Nxe5 20. fxe5 Bxe5 21. Rxf6 Bxg3 22. Rxf8+ Kxf8 23. hxg3 Qxg3 24. Rf1+ Ke7 25. Bf3 Bxf3 26. Rxf3 Qe1+ 27. Kh2 Qe2 28. Bc1 Qxa2 29. Rg3 g5 30. Rh3 Qc2 31. Ba3 Qxb3 32. Bc1 Qc3 0-1

[Event "Sochi Lobanov Memorial Blitz"]
[Site "Sochi"]
[Date "2021.06.26"]
[Round "1"]
[White "Avanesian, Artem"]
[Black "Kryakvin, Dmitry"]
[Result "0-1"]
[WhiteElo "1351"]
[BlackElo "2570"]
[PlyCount "112"]
[EventDate "2021.06.26"]
[EventType "swiss (blitz)"]
[EventRounds "13"]
[EventCountry "RUS"]
[SourceTitle "CBM 203 Extra"]
[Source "ChessBase"]
[SourceDate "2021.09.30"]
[SourceVersion "1"]
[SourceVersionDate "2021.09.30"]
[SourceQuality "1"]

1. e4 e6 2. d4 d5 3. exd5 exd5 4. Bd3 Nc6 5. c3 Bd6 6. Nf3 Nge7 7. 0-0 Bg4 8. h3 Bh5 9. b4 0-0 10. Bg5 f6 11. Be3 Qd7 12. Nbd2 Bg6 13. Bxg6 hxg6 14. Qb3 Nd8 15. Rae1 Nf7 16. Kh1 c6 17. a4 a6 18. Rb1 Nf5 19. b5 axb5 20. axb5 Rfe8 21. bxc6 bxc6 22. Rfe1 Re7 23. Nf1 Rae8 24. c4 Rb8 25. Qd3 Rbe8 26. Qb3 Bc7 27. cxd5 Qxd5 28. Qa3 N7d6 29. Qc5 Nc4 30. Qxd5+ cxd5 31. Rb5 Rd7 32. Bd2 Ra8 33. g4 Ne7 34. Kg2 Nc6 35. Re6 Nd8 36. Re2 Ra2 37. Ng3 Nc6 38. Bc3 Ra3 39. Bb4 Rb3 40. Rc5 Nxb4 41. Re8+ Kf7 42. Rc8 Bd6 43. Rb5 Rd3 44. g5 Bxg3 45. Kxg3 Nd2 46. Rxb4 Nxf3 47. gxf6 Nxd4+ 48. Kg2 Kxf6 49. Rb6+ Ne6 50. Re8 Re7 51. Rf8+ Ke5 52. Rc8 Nf4+ 53. Kh2 Re6 54. Rb7 Rf6 55. Re8+ Ne6 56. Kg2 Rd2 0-1